000 00315nam a2200121Ia 4500
005 20251222144633.0
008 251222s9999||||xx |||||||||||||| ||spa||
082 _a261.8/G96V
100 _aGutiérrez, Gustavo
245 0 _aLa Verdad los Hará Libres:
264 _bInstituto Bartolomé de las Casas
942 _cLIB
999 _c16388
_d16388